000 00255nam a2200097Ia 4500
001 816970
005 20250826171725.0
008 250824s9999 xx 000 0 und d
245 0 _aKAPTAN FELİNİ FUTBOL MAÇI
_cŞEBNEM PİŞKİN
260 _bÇOCUK GEZEGENİ
999 _c816970
_d816970